000 00855nam a22002417a 4500
999 _c64347
_d64347
005 20240530110727.0
008 160313s2017 ua a f b 000 0 ara d
017 _a2016/27006
_bمصر . دار الكتب المصرية
020 _a9789770531167
040 _aEG-CaGPL
_cEG-CaGPL
082 0 4 _221
_a362.29\
_bم ب
100 0 _aمحمد كمال عبدالله
245 1 0 _aبوابة التعافى من الادمان /
_cمحمد كمال عبدالله .
250 _aط.1
260 _aالقاهرة :
_bمكتبة الانجلو المصرية ،
_c2017 .
300 _a317 ص. ؛
_c24 سم .
504 _aيشتمل على ارجاعات ببليوجرافية
650 0 7 _aالادمان
_2qrmak
650 0 7 _aالمخدرات
_2qrmak
651 _2qrmak
942 _2ddc
_cBK